000 005200000a22001930004500
001 1492
003 CO-MdFUSB
005 20170615142257.0
008 170615b xxu||||| |||| 00| 0 eng d
020 _a958-04-8032-X
040 _cCO-MdBIC
082 0 4 _a863C C111s
100 1 _aCaballero, Paola
245 1 0 _aLos siete mejores cuentos Escandinavos / Selección y adaptación Paola Caballero ; ilustraciones Kal
260 _aBogotá : Norma
300 _a56 P.
650 1 4 _aCuentos Escandinavos
942 _cLGB
999 _c48652
_d48652